Geografia Francji #2 - Statystyki

Ogólne statystyki
  • Ten quiz został rozwiązany 1 255 razy
  • Średni wynik to 11 z 20
Statystyki odpowiedzi
Pytanie Odpowiedź % Poprawnych
Jaki zbiornik wodny oddziela Wielką Brytanię od Francji? Kanał {La Manche}
96%
Jakie jest najczęściej odwiedzane muzeum sztuki na świecie? Luwr
86%
Jakie są dwa największe miasta we Francji, po Paryżu? Marsylia
85%
Jakie są dwa największe miasta we Francji, po Paryżu? Lyon
81%
Jak nazywa się region, w którym podczas II wojny światowej odbył się największy desant w historii ludzkości? Normandia
81%
Jaki rodzaj energii odpowiada za ponad 70% produkcji elektryczności we Francji? Energia {jądrowa}
78%
Jaka rzeka wyznacza południowy odcinek granicy francusko-niemieckiej? Ren
78%
Jak nazywa się państwo, z którym Francja dzieli najdłuższą granicę? Brazylia
77%
Jak nazywa się morze, na którym leży Gwadelupa oraz Martynika - francuskie terytoria zamorskie? Morze {Karaibskie}
70%
Jakie śródziemnomorskie miasto znane jest z festiwali filmowych? Cannes
64%
Jakie jest największe miasto Lazurowego Wybrzeża? Nicea
63%
Jakie miasto zostało nazwane "światową stolicą win"? Bordeaux
57%
Jaka zatoka oblewa zachodnią Francję oraz północną Hiszpanię? Zatoka {Biskajska}
48%
Jaka ważna rzeka płynie od Jeziora Genewskiego aż do Morza Śródziemnego? Rodan
36%
W jakim regionie administracyjnym leży Paryż? Île-de-France
33%
Jakie państwo znajduje się ok. 25 km od Saint-Pierre i Miquelon - zamorskiego terytoria Francji? Kanada
30%
Jakie terytorium zamorskie Francji znajduje się około 1200 km od wschodnich wybrzeży Australii? Nowa Kaledonia
29%
Jak nazywa się francuski region administracyjny graniczący z Andorą? Oksytania
22%
W jakim mieście odbywały się Zimowe Igrzyska Olimpijskie w 1992 r? Albertville
15%
Jak nazywa się region, który od zachodu graniczy z powyższym? Nowa Akwitania
10%
Nie znaleziono quizów pasujących do podanych kryteriów
Rozkład punktacji
Procent ludzi z każdym wynikiem
Percentyl według liczby udzielonych odpowiedzi
Twoja historia wyników
Nie rozwiązałeś tego quizu